Définition physio STAPS L1 P2 - Statistiques

Statistiques générales
  • Ce quiz a été pris 15 fois
  • Le résultat moyen est 8 sur 11
Statistiques - réponses
Question Réponse % Correct
C'est un nucléotide qui porte 3 groupement de phosphate. ATP (adénosine triphosphate)
100%
Concentration de glucose dans le sang (0.6 - 1.1 g/l). Glycémie
92%
Glycolyse puis fermentation lactique. Filière anaérobie lactique
85%
Système ATP - phosphocréatine, rôle de tampon. Filière anaérobie alactique
77%
Etape qui permet de passer du glucose au glycogène Glycogénogenèse
77%
Conversion du glycogène en glucose. Glycogénolyse
77%
Organite spécialisé de la cellule. Mitochondrie
77%
Ensemble des réactions chimiques qui ont lieu dans le cytoplasme de la cellule. Glycolyse
69%
Quantité d'énergie par unité de temps. Puissance
69%
Cellules spécialisé qui stockent les triglycérides. Adipocytes
54%
Invagination de la membrane plasmique. Tubules transverses
23%
Aucun quiz correspondant
Distribution des résultats
% des personnes avec chaque résultat
Percentile par nombre de réponses
Votre historique - résultats
Vous n’avez pas pris ce quiz